01234cam a2200301 i 4500003000900000005001700009007000300026008004100029020001500070040003000085082002100115100004200136245008400178264004000262300002600302336002700328337003300355338002800388490001600416500007100432520018100503590002700684650005200711910001400763942001400777952012400791999001700915DO-SdBNP20240712105044.0ta240712s1998 sp 000 f spa  a8460602798 aDO-SdBNPbspacBNPHUerda a329.17bA9972221 aAzurmendi, Mikeld1942-921645eautor13aLa herida patriótica :bla cultura del nacionalismo vasco /cMikel Azurmendi  1aMadrid, España :bTaurus, c1998. a201 páginasc22 cm. 2rdacontentatextobtxt 2rdamediaasin mediaciónbn 2rdacarrieravolumenbnc aPensamiento aIncluye datos biografícos del autor en la solapa de la portada.  aRecoge: Identidad y violencia en suelo vasco; La identidad abertzale, una cultura desde la ideología; El abertzale y el euskera; Universidad vasca, abertzalismo y democracia. aInventariado, 2024/ YL 4aNacionalismo- 919902zEspaña- zPaís Vasco aYlockward 2ddccLBS1 00102ddc56708GRaBNPHUbBNPHUcCTd2008-07-01eDonación l0o329.17 A997p2024-4383r2024-07-12w2024-07-12yLBS1 c57282d57282